Science Year 1992. The World Book Annual Science Supplement : A review of Science and Technology During the 1991 School Year

Guardado en:
Detalles Bibliográficos
Formato: Libro
Lenguaje:inglés
Publicado: Chicago : The World Book,Inc, 1991
Etiquetas: Agregar Etiqueta
Sin Etiquetas, Sea el primero en etiquetar este registro!

MARC

LEADER 00000nam a22000003a 4500
001 stu22345
005 20141122074758.7
008 940304s1991----xxu-----------------eng-d
020 |a 0-7166-0592-9 
040 |a STU  |b slo 
041 0 |a eng 
044 |a xxu 
080 |a 03  |7 stu_us_auth*stu8317 
245 |a Science Year 1992. The World Book Annual Science Supplement :  |b A review of Science and Technology During the 1991 School Year 
260 |a Chicago :  |b The World Book,Inc,  |c 1991 
300 |a 400 s :  |b Obr.,tab.,index 
996 |b C92744  |c C*92744  |l CCI  |s A  |a 24  |w stu22345_0001